000 00555 a2200205 4500
005 20260203161244.0
008 260203b |||||||| |||| 00| 0 eng d
020 _a9789390016211
_cRs.1200.00
040 _aMAIN
082 _a796.070245195
_bK146A
100 _aKarikalan, I
245 _aApplied statistics in physical education and sports
260 _bSports Publication
_c2025
_aNew Delhi
300 _axii, 138
440 _aM.P.ED. Series
650 _aPhysical Education
650 _aSports
650 _aStatistics-Sports
942 _cBK
999 _c394061
_d394061